[Event "Ontario-ch U16"]
[Site "Toronto CAN"]
[Date "1989.??.??"]
[Round "?"]
[White "Olszewski, Peter"]
[Black "Gordon, David"]
[Result "0-1"]
[WhiteElo "1955"]
[BlackElo "1879"]
[PlyCount "74"]
[GameId "2160767912519932"]
[EventDate "1989.??.??"]
[EventType "tourn"]
[EventRounds "5"]
[EventCountry "CAN"]
[SourceTitle "CFC 1989.04"]

1. d4 Nf6 2. c4 c5 3. d5 e6 4. Nc3 exd5 5. cxd5 d6 6. e4 g6 7. f4 Bg7 8. Nf3 O-O 9. Bd3 Re8 10. O-O Na6 11. Re1 Nb4 12. Bf1 Bg4 13. a3 Bxf3 14. gxf3 Na6 15. Be3 Nd7 16. Qd2 Qe7 17. Rac1 Nc7 18. e5 f5 19. Bc4 Rab8 20. a4 Kh8 21. Qd3 a6 22. Rcd1 Qf8 23. e6 Nf6 24. b4 cxb4 25. Na2 b5 26. axb5 a5 27. b6 Na8 28. Bb5 Re7 29. Bc6 Nxb6 30. Qa6 Nbxd5 31. Bxd5 Nxd5 32. Rxd5 b3 33. Bd4 bxa2 34. Qxd6 Rb1 35. Rde5 Qe8 36. Qa3 Rxe1+ 37. Rxe1 Bxd4+ 0-1

[Event "Ontario-ch U20"]
[Site "Toronto CAN"]
[Date "1989.??.??"]
[Round "?"]
[White "Littke, Adam"]
[Black "Profit, Brian"]
[Result "1/2-1/2"]
[WhiteElo "2158"]
[BlackElo "1895"]
[PlyCount "64"]
[GameId "2160767912519933"]
[EventDate "1989.??.??"]
[EventCountry "CAN"]
[SourceTitle "CFC 1989.12"]

1. d4 Nf6 2. c4 c5 3. d5 e6 4. Nc3 exd5 5. cxd5 d6 6. Nf3 g6 7. Nd2 Nbd7 8. e4 Bg7 9. Be2 O-O 10. O-O Re8 11. Qc2 Ne5 12. a4 g5 13. Ra3 a6 14. Re1 Rb8 15. Nd1 b5 16. axb5 axb5 17. Rg3 g4 18. f4 Ng6 19. f5 Ne5 20. Nf2 Bd7 21. Nxg4 Nexg4 22. Bxg4 Nxg4 23. Rxg4 Bxf5 24. Rg3 Bg6 25. Nf3 Rb7 26. h4 Rbe7 27. h5 Bxe4 28. Rxe4 Rxe4 29. h6 Re1+ 30. Nxe1 Qh4 31. Rxg7+ Kf8 32. Nf3 Re1+ 1/2-1/2

[Event "Ottawa op"]
[Site "Ottawa CAN"]
[Date "1989.06.10"]
[Round "1"]
[White "Morin, Louis"]
[Black "Nobari, Ali"]
[Result "0-1"]
[WhiteElo "1880"]
[BlackElo "1868"]
[PlyCount "52"]
[GameId "2160767912519306"]
[EventDate "1989.06.10"]
[EventType "swiss"]
[EventRounds "5"]
[EventCountry "CAN"]
[SourceTitle "hb 2013"]

1. e4 e5 2. Nf3 Nc6 3. Nc3 Nf6 4. Bb5 a6 5. Bxc6 dxc6 6. Nxe5 Nxe4 7. Nxe4 Qd5 8. O-O Qxe5 9. d4 Qf5 10. Re1 Be6 11. Ng5 O-O-O 12. Nxe6 fxe6 13. Qe2 Rxd4 14. Be3 Re4 15. Qd3 Bd6 16. Rad1 Rd8 17. Kf1 Be7 18. Qc3 Rf8 19. Qd3 Bd6 20. Kg1 Rh4 21. g3 Qh3 22. Bf4 Qxh2+ 23. Kf1 Rh6 24. Qe3 Bxf4 25. Qa7 Qh1+ 26. Ke2 Qe4+ 0-1

[Event "Ottawa op"]
[Site "Ottawa CAN"]
[Date "1989.06.10"]
[Round "2"]
[White "Morin, Louis"]
[Black "Petras, Mike"]
[Result "0-1"]
[WhiteElo "1880"]
[BlackElo "2128"]
[PlyCount "152"]
[GameId "2160767912519308"]
[EventDate "1989.06.10"]
[EventType "swiss"]
[EventRounds "5"]
[EventCountry "CAN"]
[SourceTitle "hb 2013"]

1. e4 c5 2. d4 cxd4 3. c3 Nf6 4. e5 Nd5 5. Bc4 Nb6 6. Bb3 d5 7. cxd4 Bf5 8. Nc3 Nc6 9. Nge2 Na5 10. Bc2 Bxc2 11. Qxc2 e6 12. O-O Be7 13. b3 Rc8 14. Qd3 Nc6 15. Bb2 Nb4 16. Qg3 O-O 17. a3 Nc6 18. Rac1 Na5 19. Nb1 Qd7 20. a4 Rxc1 21. Rxc1 Rc8 22. Rxc8+ Qxc8 23. Qd3 Nc6 24. Ba3 Nb4 25. Qc3 Qxc3 26. Nbxc3 Kf8 27. Bxb4 Bxb4 28. Kf1 Nd7 29. Ke1 f6 30. f4 fxe5 31. fxe5 Nxe5 32. dxe5 d4 33. Kd2 dxc3+ 34. Kd3 Kf7 35. Nd4 a5 36. Nc2 Kg6 37. Ke4 Bc5 38. Kf4 Kf7 39. Ke4 Ke7 40. Kd3 Bg1 41. h3 Bh2 42. Ke4 Kd7 43. Kd4 Kc6 44. Ne1 b5 45. Nc2 bxa4 46. bxa4 Bg1+ 47. Kc4 Bh2 48. Kd4 Kd7 49. Ne1 Ke7 50. Ke4 Kf7 51. Nc2 Kg6 52. Nd4 Kh5 53. Kd3 Bxe5 54. Nxe6 Kh4 55. Nf8 Kg3 56. Nxh7 Kxg2 57. h4 Kg3 58. Nf8 Kg4 59. Nd7 Bf6 60. Nc5 Kxh4 61. Nb7 g5 62. Nxa5 g4 63. Nb3 g3 64. Nc1 g2 65. Ne2 Kg4 66. a5 Bd8 67. a6 Bb6 68. Kxc3 Kf3 69. Kd2 Ba7 70. Ke1 Bb6 71. Kd2 Bc5 72. Ke1 Be3 73. Kd1 Kf2 74. a7 Bxa7 75. Kd2 Be3+ 76. Kd3 Bh6 0-1

[Event "Ottawa op"]
[Site "Ottawa CAN"]
[Date "1989.06.10"]
[Round "3"]
[White "Rodgers, Ron"]
[Black "Morin, Louis"]
[Result "1-0"]
[WhiteElo "1960"]
[BlackElo "1880"]
[PlyCount "69"]
[GameId "2160767912519310"]
[EventDate "1989.06.10"]
[EventType "swiss"]
[EventRounds "5"]
[EventCountry "CAN"]
[SourceTitle "hb 2013"]

1. c4 e6 2. d4 d5 3. Nc3 c5 4. cxd5 exd5 5. Nf3 Nc6 6. g3 Nf6 7. Bg2 Be7 8. O-O O-O 9. dxc5 Bxc5 10. Na4 Be7 11. Be3 Re8 12. Rc1 Bg4 13. a3 Qd7 14. Re1 Bh3 15. Bh1 Rad8 16. Nd4 Ne5 17. Bf4 Bd6 18. Nc5 Bxc5 19. Rxc5 b6 20. Rc2 Ne4 21. f3 Nc5 22. b4 Ng6 23. bxc5 Nxf4 24. gxf4 bxc5 25. Rxc5 Qe7 26. Rc3 Rd6 27. e4 Qh4 28. Re2 dxe4 29. fxe4 Rg6+ 30. Bg2 Rd8 31. Rd3 Qg4 32. Rg3 Qxf4 33. Rxh3 Rxd4 34. Qxd4 Qc1+ 35. Kf2 1-0

[Event "Ottawa op"]
[Site "Ottawa CAN"]
[Date "1989.06.11"]
[Round "4"]
[White "Bourgeois, Richard"]
[Black "Morin, Louis"]
[Result "0-1"]
[WhiteElo "1725"]
[BlackElo "1880"]
[PlyCount "72"]
[GameId "2160767912519311"]
[EventDate "1989.06.10"]
[EventType "swiss"]
[EventRounds "5"]
[EventCountry "CAN"]
[SourceTitle "hb 2013"]

1. e4 e5 2. Bc4 Nf6 3. d3 c6 4. Nf3 d5 5. exd5 cxd5 6. Bb5+ Bd7 7. Bxd7+ Nbxd7 8. O-O Bd6 9. Re1 O-O 10. Nbd2 Re8 11. c4 Nc5 12. Qc2 e4 13. dxe4 dxe4 14. Ng5 Nd3 15. Rxe4 Nxe4 16. Ngxe4 Bc7 17. b3 Qd4 18. Rb1 f5 19. Bb2 Nxb2 20. Ng5 Nd3 21. Ndf3 Qxf2+ 22. Qxf2 Nxf2 23. Kxf2 h6 24. Nh3 g5 25. Nhg1 Rad8 26. Ne2 Bb6+ 27. Kf1 g4 28. Nh4 Rd2 29. Re1 Rxa2 30. b4 Be3 31. g3 Bd2 32. Rb1 Bg5 33. Nd4 Rxh2 34. Kg1 Rxh4 35. Nxf5 Rh3 36. Rf1 Rf8 0-1

[Event "Ottawa op"]
[Site "Ottawa CAN"]
[Date "1989.06.11"]
[Round "5"]
[White "Morin, Louis"]
[Black "Potvin, Denis"]
[Result "1/2-1/2"]
[WhiteElo "1880"]
[BlackElo "1614"]
[PlyCount "64"]
[GameId "2160767912519314"]
[EventDate "1989.06.10"]
[EventType "swiss"]
[EventRounds "5"]
[EventCountry "CAN"]
[SourceTitle "hb 2013"]

1. e4 c6 2. d4 d5 3. Nc3 dxe4 4. Nxe4 Nd7 5. Bc4 Ngf6 6. Ng5 e6 7. Ne2 h6 8. Nf3 b6 9. O-O Bb7 10. Nf4 Qc7 11. Re1 O-O-O 12. Qe2 Bd6 13. Nd3 Ng4 14. h3 h5 15. hxg4 hxg4 16. Nfe5 Nf6 17. Bf4 Nd5 18. Bxd5 cxd5 19. Qxg4 Rh7 20. Nxf7 Qxf7 21. Qxe6+ Qxe6 22. Rxe6 Rdh8 23. g3 Bxf4 24. Kg2 Bc7 25. Rae1 Kd8 26. Ne5 Bxe5 27. R1xe5 Rh2+ 28. Kg1 R2h7 29. c3 Bc8 30. Rd6+ Kc7 31. Rg6 Kd7 32. Reg5 Rg8 1/2-1/2

[Event "Paul Keres mem. (14th)"]
[Site "Vancouver CAN"]
[Date "1989.05.22"]
[Round "7"]
[White "Donaldson, John"]
[Black "Johnstone, Glenn"]
[Result "1-0"]
[WhiteElo "2395"]
[BlackElo "2320"]
[PlyCount "55"]
[GameId "2160767912519373"]
[EventDate "1989.05.19"]
[EventType "swiss"]
[EventRounds "7"]
[EventCountry "CAN"]
[SourceTitle "EXT 2022"]
[Source "ChessBase"]
[SourceDate "2021.10.06"]
[SourceVersion "1"]
[SourceVersionDate "2021.10.06"]
[SourceQuality "1"]

1. Nf3 c5 2. c4 d6 3. Nc3 b6 4. e3 Nf6 5. d4 cxd4 6. exd4 e6 7. Bd3 Bb7 8. O-O Be7 9. Re1 O-O 10. b3 Nbd7 11. Bb2 Re8 12. d5 exd5 13. cxd5 Nxd5 14. Nxd5 Bxd5 15. Bxh7+ Kxh7 16. Qxd5 Bf6 17. Rxe8 Qxe8 18. Re1 Ne5 19. Nd4 Qf8 20. Nf5 Re8 21. Rd1 Nf3+ 22. Qxf3 Bxb2 23. g3 Ba3 24. Rd4 Bc1 25. Nxd6 Rd8 26. Rb4 Bh6 27. Nxf7 Rd7 28. Qf5+ 1-0

[Event "Pembroke op"]
[Site "Pembroke CAN"]
[Date "1989.??.??"]
[Round "?"]
[White "Closs, Matthew"]
[Black "Butan, Radu"]
[Result "0-1"]
[WhiteElo "1804"]
[BlackElo "1941"]
[PlyCount "54"]
[GameId "2160767912519934"]
[EventDate "1989.??.??"]
[EventType "swiss"]
[EventRounds "5"]
[EventCountry "CAN"]
[SourceTitle "CFC 1989.12"]

1. e4 e5 2. Nf3 Nc6 3. Bb5 a6 4. Ba4 Nf6 5. O-O Be7 6. Re1 b5 7. Bb3 O-O 8. c3 d5 9. exd5 Nxd5 10. Nxe5 Nxe5 11. Rxe5 c6 12. d4 Bd6 13. Re1 Qh4 14. g3 Qh3 15. Be3 Bg4 16. Qd3 Rae8 17. a4 Nf4 18. Qf1 Qh5 19. Bd1 Nh3+ 20. Kg2 Nxf2 21. Bxg4 Nxg4 22. Qg1 Qd5+ 23. Kh3 f5 24. c4 Qxc4 25. Nd2 Qd5 26. Bf2 Rxe1 27. Rxe1 Rf6 0-1

[Event "Pere Noel"]
[Site "Montreal CAN"]
[Date "1989.12.26"]
[Round "1"]
[White "Charest, Johanne"]
[Black "Balogh, Alex"]
[Result "0-1"]
[WhiteElo "1510"]
[BlackElo "1820"]
[PlyCount "93"]
[GameId "2160767912494142"]
[EventDate "1989.12.26"]
[EventType "swiss"]
[EventRounds "5"]
[EventCountry "CAN"]

1. e4 g6 2. d4 Bg7 3. Nc3 d6 4. Be2 a6 5. Be3 b5 6. a3 Bb7 7. f4 Nd7 8. Nf3 e6 9. O-O Ne7 10. Bd3 Rc8 11. Ne2 c5 12. c3 Nf6 13. Ng3 h5 14. h4 Ng4 15. Qe1 O-O 16. Ng5 cxd4 17. cxd4 Qb6 18. Nf3 Nc6 19. e5 dxe5 20. fxe5 Ncxe5 21. Nxe5 Bxe5 22. dxe5 Nxe3 23. Qf2 Nc4 24. Qxb6 Nxb6 25. Rfe1 Rfd8 26. Be4 Bd5 27. Rad1 Rc5 28. b3 Rc3 29. Nf1 Rxb3 30. Re3 Rb2 31. Red3 Rc8 32. Bf3 Kg7 33. R1d2 Rb1 34. Kf2 Bxf3 35. gxf3 Nd5 36. Ne3 Nxe3 37. Rxe3 Rcc1 38. Ree2 Rh1 39. Kg3 Rbg1+ 40. Kf2 Ra1 41. Ra2 Rxa2 42. Rxa2 Rh2+ 43. Ke3 Rxa2 44. a4 Rxa4 45. f4 b4 46. f5 gxf5 47. Kf4 0-1

[Event "Pere Noel"]
[Site "Montreal CAN"]
[Date "1989.12.28"]
[Round "3"]
[White "Saint-Pierre, Benoit"]
[Black "Charest, Johanne"]
[Result "1-0"]
[WhiteElo "2171"]
[BlackElo "1510"]
[PlyCount "91"]
[GameId "2160767912494144"]
[EventDate "1989.12.26"]
[EventType "swiss"]
[EventRounds "5"]
[EventCountry "CAN"]

1. e4 e5 2. f4 exf4 3. Nf3 Nc6 4. d4 d6 5. Bxf4 Nf6 6. Nc3 Bg4 7. Be2 Be7 8. O-O O-O 9. h3 Bh5 10. Qd2 Re8 11. Rad1 h6 12. Bg3 Bg6 13. Bd3 Qd7 14. a3 Bf8 15. d5 Ne5 16. Nxe5 dxe5 17. Bb5 Bc5+ 18. Kh2 Qe7 19. Bxe8 Rxe8 20. Qe1 Bh7 21. Qe2 Bd4 22. Bh4 g5 23. Be1 Bxc3 24. Bxc3 Nxe4 25. Bb4 Qd7 26. c4 Bg6 27. Qf3 b6 28. g4 a5 29. Be1 Qd6 30. Bg3 Nxg3 31. Qxg3 Qc5 32. Qc3 Qd6 33. Rde1 e4+ 34. Kg2 Qc5 35. Rf6 e3 36. Rc6 Qe7 37. Qf6 Qe4+ 38. Kg3 e2 39. h4 Qe3+ 40. Kh2 gxh4 41. Qxh4 Qf4+ 42. Qg3 Qf1 43. Rxc7 Be4 44. g5 Qh1+ 45. Rxh1 Bxh1 46. gxh6+ 1-0

[Event "Pere Noel"]
[Site "Montreal CAN"]
[Date "1989.12.29"]
[Round "4"]
[White "Glass, Martin"]
[Black "Charest, Johanne"]
[Result "1-0"]
[WhiteElo "1872"]
[BlackElo "1510"]
[PlyCount "89"]
[GameId "2160767912494145"]
[EventDate "1989.12.26"]
[EventType "swiss"]
[EventRounds "5"]
[EventCountry "CAN"]

1. e4 e5 2. Nf3 Nc6 3. Bb5 a6 4. Ba4 Nf6 5. O-O Be7 6. Re1 b5 7. Bb3 O-O 8. c3 d6 9. h3 Bb7 10. d4 Re8 11. Nbd2 Bf8 12. a3 h6 13. Bc2 Nb8 14. b4 Nbd7 15. d5 c6 16. c4 Nb6 17. Qe2 Qc7 18. cxb5 cxb5 19. Bd3 Na4 20. Nf1 Rac8 21. Bd2 Qd7 22. Ng3 Rc7 23. Nf5 Rec8 24. Nh2 Nb2 25. Bb1 Nc4 26. Bc1 Nb6 27. Bd3 Na4 28. Ng4 Nxg4 29. hxg4 Qd8 30. g3 Qf6 31. Kg2 Ba8 32. Rh1 Nc3 33. Qf3 Qg6 34. Bd2 Na4 35. Rag1 Nb2 36. Rh4 Be7 37. Nxe7+ Rxe7 38. Bb1 Nc4 39. Bc1 Rec7 40. Rgh1 Kf8 41. Ba2 Nb6 42. Bxh6 gxh6 43. Rxh6 Qg5 44. Rxd6 Nc4 45. Rxa6 1-0

[Event "Pop 1989.02.11"]
[Site "Montreal CAN"]
[Date "1989.02.11"]
[Round "1"]
[White "Charest, Johanne"]
[Black "Muskat, Paul"]
[Result "1-0"]
[WhiteElo "1522"]
[BlackElo "1510"]
[PlyCount "57"]
[GameId "2160767912519774"]
[EventDate "1989.02.11"]
[EventType "tourn"]
[EventRounds "3"]
[EventCountry "CAN"]

1. e4 c5 2. Nf3 e6 3. Nc3 Nc6 4. a3 d5 5. exd5 exd5 6. d4 Nf6 7. Bg5 h6 8. Bxf6 Qxf6 9. Nxd5 Qe6+ 10. Qe2 Kd8 11. Nf4 Qf5 12. g3 Bd6 13. Bh3 Qh7 14. Ne5 Nxe5 15. dxe5 Re8 16. O-O-O Bxh3 17. Nxh3 Qf5 18. Nf4 Kc7 19. exd6+ Kc6 20. Qf3+ Qe4 21. Qb3 g5 22. Rhe1 Qxe1 23. Qd5+ Kb6 24. Qb3+ Ka6 25. Qc4+ b5 26. Qxc5 Qe4 27. d7 Red8 28. Rd6+ Ka5 29. b4+ 1-0

[Event "Pop 1989.02.11"]
[Site "Montreal CAN"]
[Date "1989.02.11"]
[Round "2"]
[White "Charest, Johanne"]
[Black "Gratton, Jean-Francois"]
[Result "1-0"]
[WhiteElo "1522"]
[BlackElo "1478"]
[PlyCount "79"]
[GameId "2160767912519775"]
[EventDate "1989.02.11"]
[EventType "tourn"]
[EventRounds "3"]
[EventCountry "CAN"]

1. e4 e5 2. Nf3 Nc6 3. Bc4 Bc5 4. c3 Nf6 5. d4 exd4 6. cxd4 Bb4+ 7. Bd2 Bxd2+ 8. Nbxd2 d5 9. exd5 Nxd5 10. O-O O-O 11. Re1 Be6 12. Ne4 Na5 13. Bb5 c6 14. Be2 Nf4 15. Bf1 Nc4 16. Qc1 b5 17. b3 Na5 18. Qxf4 Nb7 19. Bd3 f5 20. Ng3 Qd7 21. Ng5 Nd8 22. Rad1 a5 23. Bb1 a4 24. b4 a3 25. Nh5 Re8 26. Ng3 Rf8 27. Nxe6 Nxe6 28. Qe5 f4 29. Nh5 Rae8 30. Bf5 Qf7 31. Bxe6 Rxe6 32. Qxe6 Qxe6 33. Rxe6 Kf7 34. Rde1 Rg8 35. Re7+ Kg6 36. Nxf4+ Kh6 37. h4 Rf8 38. g3 Rd8 39. g4 g5 40. R1e6# 1-0

[Event "Pop 1989.02.11"]
[Site "Montreal CAN"]
[Date "1989.02.11"]
[Round "3"]
[White "Labrie, Robert"]
[Black "Charest, Johanne"]
[Result "1-0"]
[WhiteElo "1531"]
[BlackElo "1522"]
[PlyCount "69"]
[GameId "2160767912519776"]
[EventDate "1989.02.11"]
[EventType "tourn"]
[EventRounds "3"]
[EventCountry "CAN"]

1. e4 e5 2. Nf3 Nc6 3. Bb5 a6 4. Bxc6 dxc6 5. O-O f6 6. Re1 Bc5 7. d3 Ne7 8. Be3 Bd6 9. Nbd2 O-O 10. c3 Be6 11. d4 exd4 12. Nxd4 Bf7 13. Qg4 Ng6 14. Nf5 Be6 15. h4 Qd7 16. Nc4 b5 17. Ncxd6 cxd6 18. f4 Rfe8 19. h5 Nf8 20. Nh6+ Kh8 21. f5 Bc4 22. b3 Bd3 23. Bd4 c5 24. Bxf6 Bxe4 25. Rxe4 Rxe4 26. Qxe4 gxf6 27. Qxa8 Qg7 28. Ng4 Kg8 29. Qd5+ Kh8 30. Qxd6 Kg8 31. Nxf6+ Kh8 32. Ne8 Qf7 33. Qe5+ Kg8 34. Rd1 c4 35. h6 1-0

[Event "Pop 1989.03.18"]
[Site "Montreal CAN"]
[Date "1989.03.18"]
[Round "1"]
[White "Charest, Johanne"]
[Black "Pereira, Shelby"]
[Result "1/2-1/2"]
[WhiteElo "1535"]
[BlackElo "1477"]
[PlyCount "67"]
[GameId "2160767912519605"]
[EventDate "1989.03.18"]
[EventType "tourn"]
[EventRounds "3"]
[EventCountry "CAN"]

1. e4 d5 2. exd5 Nf6 3. Nf3 Nxd5 4. c4 Nb6 5. d4 g6 6. Nc3 Bg7 7. h3 O-O 8. Be3 c6 9. Be2 Be6 10. b3 Qc7 11. Qd2 Rd8 12. g4 Na6 13. a3 Bd7 14. Bf4 Qc8 15. Bh6 Bh8 16. Ne4 c5 17. Rd1 cxd4 18. Nxd4 f5 19. Ng5 e5 20. gxf5 exd4 21. fxg6 hxg6 22. Qf4 Bf5 23. Bg4 Re8+ 24. Kf1 Qc6 25. Rg1 Be5 26. Qd2 Nxc4 27. bxc4 Qxc4+ 28. Be2 Qc2 29. Qa5 Rad8 30. Qb5 Qc6 31. Bc4+ Kh8 32. Qxc6 bxc6 33. Nf7+ Kh7 34. Nxd8 1/2-1/2

[Event "Pop 1989.03.18"]
[Site "Montreal CAN"]
[Date "1989.03.18"]
[Round "2"]
[White "Charest, Johanne"]
[Black "Labrie, Robert"]
[Result "1-0"]
[WhiteElo "1535"]
[BlackElo "1533"]
[PlyCount "75"]
[GameId "2160767912519606"]
[EventDate "1989.03.18"]
[EventType "tourn"]
[EventRounds "3"]
[EventCountry "CAN"]

1. e4 c5 2. Nf3 e6 3. d4 cxd4 4. Nxd4 Bc5 5. Nb3 Bb6 6. Nc3 Qf6 7. Qe2 Nc6 8. Rb1 Ne5 9. h3 Ne7 10. Be3 Bxe3 11. Qxe3 Qh4 12. g3 Qf6 13. f4 Qh6 14. h4 Ng4 15. Qf3 f5 16. exf5 exf5 17. Bc4 Qb6 18. Kd2 Kd8 19. Rhe1 Qd6+ 20. Ke2 Nc6 21. Bd3 Qd4 22. Kd2 Qf6 23. Rbd1 a5 24. a4 d6 25. Kc1 Be6 26. Nb5 Bxb3 27. cxb3 Rc8 28. Kb1 Nb4 29. Bc4 Rc6 30. Re6 Qf8 31. Rexd6+ Rxd6 32. Rxd6+ Kc8 33. Rb6 Qe7 34. Nd6+ Kd8 35. Nf7+ Kc8 36. Be6+ Kb8 37. Nd6 Nc6 38. Qxc6 1-0

[Event "Pop 1989.03.18"]
[Site "Montreal CAN"]
[Date "1989.03.18"]
[Round "3"]
[White "Marghetis, Aris"]
[Black "Charest, Johanne"]
[Result "1-0"]
[WhiteElo "1439"]
[BlackElo "1535"]
[PlyCount "117"]
[GameId "2160767912519607"]
[EventDate "1989.03.18"]
[EventType "tourn"]
[EventRounds "3"]
[EventCountry "CAN"]

1. Nf3 Nf6 2. d4 d5 3. Bf4 e6 4. e3 Bd6 5. Nbd2 Bxf4 6. exf4 a6 7. Ne5 Bd7 8. a4 Nc6 9. Ndf3 O-O 10. c3 Ne8 11. Bd3 f6 12. Nxc6 Bxc6 13. Qc2 g6 14. h4 Ng7 15. g4 f5 16. g5 Nh5 17. Qd2 b5 18. a5 Qd6 19. b4 Bd7 20. Be2 Ng7 21. h5 Be8 22. hxg6 Bxg6 23. Nh4 Rfb8 24. Nxg6 hxg6 25. O-O-O Kf7 26. Rh6 Rh8 27. Rdh1 Rhg8 28. Qe3 Raf8 29. Rh7 Re8 30. Qg3 Ref8 31. Kd2 Re8 32. Ke3 Qc6 33. Kd3 Qd6 34. Qh4 Qc6 35. Rh3 Qc4+ 36. Kd2 Qa2+ 37. Ke1 Qb1+ 38. Bd1 Qa2 39. Rd3 Qb1 40. Qg3 Qa2 41. Qe3 Qc4 42. Qe5 Ref8 43. Re3 Qc6 44. Qf6+ Ke8 45. Qxg6+ Kd8 46. Rxg7 Rh8 47. Qxe6 Qe8 48. Qxe8+ Rxe8 49. Rxe8+ Rxe8+ 50. Kf1 Re4 51. Bc2 Rxf4 52. Rf7 Ke8 53. Rxf5 Rg4 54. Rxd5 Ke7 55. Re5+ Kf8 56. g6 Rf4 57. Rf5+ Rxf5 58. Bxf5 Kg7 59. Bc8 1-0

[Event "Quebec op"]
[Site "Montreal CAN"]
[Date "1989.07.22"]
[Round "1"]
[White "Berube, Richard"]
[Black "Legault, Eric"]
[Result "1-0"]
[WhiteElo "2156"]
[BlackElo "1814"]
[PlyCount "93"]
[GameId "2160767912502522"]
[EventDate "1989.07.22"]
[EventType "swiss"]
[EventRounds "8"]
[EventCountry "CAN"]
[SourceTitle "hb 2009.04"]

1. d4 Nf6 2. Nf3 g6 3. c4 Bg7 4. Nc3 d5 5. cxd5 Nxd5 6. e4 Nxc3 7. bxc3 c5 8. Rb1 O-O 9. Be2 b6 10. O-O Bb7 11. e5 cxd4 12. cxd4 Nc6 13. h4 Qd5 14. Qa4 e6 15. Rd1 Qd7 16. Qb3 Ne7 17. Bb5 Bc6 18. Bxc6 Nxc6 19. h5 Ne7 20. h6 Bh8 21. Ba3 Rfd8 22. Bxe7 Qxe7 23. Rbc1 Qd7 24. Rc2 Rac8 25. Rdc1 Kf8 26. Qa3+ Kg8 27. Qa6 Rxc2 28. Rxc2 f6 29. Qe2 Rc8 30. Qd2 Rc6 31. Qc1 Rxc2 32. Qxc2 fxe5 33. dxe5 Kf8 34. g3 Kg8 35. Kh2 Qb7 36. Qc3 Qd7 37. Qe3 Qd5 38. Qf4 Qd3 39. Nd4 Qc4 40. Qe3 Qd5 41. Nf3 Qxa2 42. Ng5 Qd5 43. Qf4 Qd7 44. Qf3 Bg7 45. hxg7 Kxg7 46. Qf6+ Kg8 47. Nxe6 1-0

[Event "Quebec op"]
[Site "Montreal CAN"]
[Date "1989.07.22"]
[Round "1"]
[White "Billard, Michel"]
[Black "Samson, Gaetan"]
[Result "1-0"]
[WhiteElo "2086"]
[BlackElo "1819"]
[PlyCount "37"]
[GameId "2160767912502523"]
[EventDate "1989.07.22"]
[EventType "swiss"]
[EventRounds "8"]
[EventCountry "CAN"]
[SourceTitle "hb 2009.04"]

1. e4 e5 2. Nf3 f5 3. Nxe5 Nf6 4. d3 Qe7 5. Nf3 fxe4 6. dxe4 Qxe4+ 7. Be2 Be7 8. O-O d5 9. Nc3 Qg6 10. Nxd5 Nxd5 11. Qxd5 c6 12. Qb3 Nd7 13. Re1 Nc5 14. Qe3 Kd8 15. Bc4 Bd6 16. Ne5 Bxe5 17. Qxe5 Nd7 18. Qe7+ Kc7 19. Bf4+ 1-0

[Event "Quebec op"]
[Site "Montreal CAN"]
[Date "1989.07.22"]
[Round "1"]
[White "Bouton, Christophe"]
[Black "Sauve, Richard"]
[Result "0-1"]
[WhiteElo "2038"]
[BlackElo "1849"]
[PlyCount "68"]
[GameId "2160767912502524"]
[EventDate "1989.07.22"]
[EventType "swiss"]
[EventRounds "8"]
[EventCountry "CAN"]
[SourceTitle "hb 2009.04"]

1. c4 Nf6 2. Nc3 g6 3. e4 d6 4. d4 Bg7 5. Be2 O-O 6. Nf3 e5 7. O-O Nc6 8. d5 Ne7 9. Nd2 Nd7 10. b4 a5 11. bxa5 Rxa5 12. Nb3 Ra8 13. a4 f5 14. f3 f4 15. c5 Nxc5 16. Nxc5 dxc5 17. Ba3 b6 18. Nb5 Ba6 19. d6 cxd6 20. Bc4+ Kh8 21. Nxd6 Nc6 22. Bxa6 Rxa6 23. Qd5 Qd7 24. Rab1 Nd4 25. Rf2 Rxa4 26. Bxc5 bxc5 27. Rb7 Ra1+ 28. Rf1 Rxf1+ 29. Kxf1 Qa4 30. Rb1 Qc2 31. Re1 Qd3+ 32. Kg1 Ne2+ 33. Kf2 Qxd5 34. exd5 Nc3 0-1

[Event "Quebec op"]
[Site "Montreal CAN"]
[Date "1989.07.22"]
[Round "1"]
[White "Bray, Ronald"]
[Black "Parent, Francois"]
[Result "1-0"]
[WhiteElo "1988"]
[BlackElo "1768"]
[PlyCount "83"]
[GameId "2160767912502525"]
[EventDate "1989.07.22"]
[EventType "swiss"]
[EventRounds "8"]
[EventCountry "CAN"]

1. c4 Nf6 2. g3 c6 3. b3 d5 4. Bb2 Nbd7 5. Nf3 Qc7 6. cxd5 Nxd5 7. Bg2 e5 8. Na3 Be7 9. O-O e4 10. Nd4 N7f6 11. Rc1 Qe5 12. Nxc6 Qxb2 13. Nc4 Qxc1 14. Qxc1 bxc6 15. Nd6+ Kf8 16. Nxe4 Bd7 17. Nc5 Bxc5 18. Qxc5+ Ne7 19. e4 h5 20. d4 Rh6 21. Re1 h4 22. d5 hxg3 23. hxg3 Rh5 24. Qa3 g5 25. Qd6 Rh6 26. e5 Nfg8 27. Qxd7 cxd5 28. Bxd5 Nxd5 29. Qxd5 Re8 30. Qc5+ Re7 31. Rd1 Kg7 32. Rd8 Rhe6 33. f4 gxf4 34. gxf4 Re8 35. Rxe8 Rxe8 36. Qxa7 Re7 37. Qc5 Re6 38. b4 Ra6 39. Qc4 Ra3 40. b5 Ne7 41. Qb4 Rxa2 42. Qxe7 1-0

[Event "Quebec op"]
[Site "Montreal CAN"]
[Date "1989.07.22"]
[Round "1"]
[White "Bray, Ronald"]
[Black "Parent, Francois"]
[Result "1/2-1/2"]
[WhiteElo "1988"]
[BlackElo "1768"]
[PlyCount "97"]
[GameId "2160767912502526"]
[EventDate "1989.07.22"]
[EventType "swiss"]
[EventRounds "8"]
[EventCountry "CAN"]
[SourceTitle "EXT 2022"]
[Source "ChessBase"]
[SourceDate "2021.10.06"]
[SourceVersion "1"]
[SourceVersionDate "2021.10.06"]
[SourceQuality "1"]

1. c4 g6 2. g3 Bg7 3. Bg2 d6 4. e3 c6 5. Nc3 Nd7 6. d4 e5 7. Nge2 Ne7 8. O-O O-O 9. b3 f5 10. Bb2 e4 11. Nf4 Nf6 12. Qd2 g5 13. Nfe2 Ng6 14. f4 exf3 15. Bxf3 d5 16. cxd5 cxd5 17. Ba3 Rf7 18. Nb5 Be6 19. Rac1 a6 20. Nbc3 Qa5 21. Nb1 Qd8 22. Nec3 Rc8 23. Na4 Rfc7 24. Nc5 Bf7 25. Bg2 Bf8 26. Rxf5 b6 27. Nxa6 Rxc1+ 28. Bxc1 Ra8 29. Nb4 Bxb4 30. Qxb4 Rxa2 31. Nc3 Ra1 32. Rf1 Ng4 33. Bd2 Rxf1+ 34. Bxf1 Qf6 35. Be1 Nxe3 36. Bf2 Ng4 37. Nd1 Qf3 38. Qd2 Qxb3 39. Be2 Nxf2 40. Nxf2 h6 41. Ng4 Kg7 42. Qc1 Qb4 43. Qe3 Qb1+ 44. Kf2 Qf5+ 45. Kg2 h5 46. Nf2 Nf8 47. Qe7 Qf6 48. Qb7 Ne6 49. Bxh5 1/2-1/2

[Event "Quebec op"]
[Site "Montreal CAN"]
[Date "1989.07.22"]
[Round "1"]
[White "Cazelais, Marc"]
[Black "Trottier, Alain"]
[Result "1-0"]
[WhiteElo "2015"]
[BlackElo "1782"]
[PlyCount "65"]
[GameId "2160767912502527"]
[EventDate "1989.07.22"]
[EventType "swiss"]
[EventRounds "8"]
[EventCountry "CAN"]
[SourceTitle "hb 2009.04"]

1. e4 g6 2. d4 Bg7 3. c4 d6 4. Nc3 Nc6 5. d5 Nd4 6. Be3 c5 7. Nge2 Bg4 8. f3 Nxe2 9. Bxe2 Bd7 10. Qd2 a6 11. O-O Qa5 12. a4 h5 13. f4 Nh6 14. h3 Qb4 15. a5 b5 16. axb6 Qxb6 17. Ra3 Qb4 18. Rfa1 a5 19. Qc2 Qb6 20. Nb5 O-O 21. Bd2 Bxb5 22. Rb3 Rfb8 23. Rxb5 Qc7 24. Raxa5 Kh7 25. Rxa8 Rxa8 26. Bc3 Ng8 27. Bxg7 Kxg7 28. Kh2 Nf6 29. Bf3 Rb8 30. Qa4 Rxb5 31. Qxb5 Qd7 32. e5 dxe5 33. fxe5 1-0